000 00217 a2200097 4500
001 14510
100 _aKhurshid Ahmad
245 _aIslamic Perspectines
260 _aU K
_bIslamic Foundation
_c
090 _c11340
_d11340
942 _aNUST-CAE
_cM
_c1493
999 _c249583
_d249583